00661nam a2200205Ia 4500003000900000008004100009020001800050040001600068080001600084100001500100245014500115250001200260260003400272300001700306490006500323650002200388650001900410700001300429700001300442IN-BaIIA211028s9999 xx 000 0 eng d a3-540-16317-4 cIIA Library a519.68bEND aEnderle, G 0aComputer graphics programmingbGKS-the graphics standardcG. Enderle, K. Kansy and Pfaff, G  a2nd ed. aBerlinbSpringer-Verlagc1987 axxiii, 651p. aSpringer-series symbolic computation, computer graphics-syst aComputer graphics aNASA thesaurus aKansy, K aPfaff, G